书目信息 |
| 题名: |
阶梯课堂
|
|
| 作者: | 曾守根 编著 | |
| 分册: | ||
| 出版信息: | 北京 人民邮电出版社 2008.03 |
|
| 页数: | 367页 | |
| 开本: | 26cm | |
| 丛书名: | 设计师梦工厂 | |
| 单 册: | ||
| 中图分类: | TP31 | |
| 科图分类: | ||
| 主题词: | 软件--ruan jian--基本知识 , 建筑制图--jian zhu zhi tu--制图程序 | |
| 电子资源: | ||
| ISBN: | 978-7-115-17148-1 | |
| 000 | 01120nam 2200289 450 | |
| 001 | 012008818939 | |
| 005 | 20080616114433.98 | |
| 010 | @a978-7-115-17148-1@dCNY39.00 (含光盘) | |
| 010 | @a978-7-89488-929-4@b光盘 | |
| 100 | @a20080612d2008 em y0chiy0120 ea | |
| 101 | 0 | @achi |
| 102 | @aCN@b110000 | |
| 105 | @aa z 000yy | |
| 106 | @ar | |
| 200 | 1 | @a阶梯课堂@Ajie ti ke tang@eAutoCAD 2007中文版建筑绘图@f曾守根编著@Fzeng shou gen bian zhu |
| 210 | @a北京@c人民邮电出版社@d2008.03 | |
| 215 | @a367页@c图@d26cm@e光盘1片 | |
| 225 | 2 | @a设计师梦工厂@Ashe ji shi meng gong chang |
| 330 | @a本书详细介绍了AutoCAD 2007的基础知识(如AutoCAD的特点与建筑设计、工作界面、图形文件的初始设计等)和各种功能(如绘制二维图形、修改编辑二维图形、图层、标注以及建筑图的绘制等)。 | |
| 410 | 0 | @12001 @a设计师梦工厂 |
| 517 | 1 | @aAutoCAD 2007中文版建筑绘图@AAutoCAD 2007 zhong wen ban jian zhu hui tu |
| 606 | 0 | @a软件@Aruan jian@x基本知识 |
| 606 | 0 | @a建筑制图@Ajian zhu zhi tu@x制图程序 |
| 690 | @aTP31@v4 | |
| 701 | 0 | @a曾守根@Azeng shou gen@4编著 |
| 801 | 0 | @aCN@bQSSK@c20080616 |
| 905 | @b726686-88@dTP31@eZ027@f3 | |
| 阶梯课堂:AutoCAD 2007中文版建筑绘图/曾守根编著.-北京:人民邮电出版社,2008.03 |
| 367页:图;26cm+光盘1片.-(设计师梦工厂) |
| ISBN 978-7-115-17148-1:CNY39.00 (含光盘) |
| 本书详细介绍了AutoCAD 2007的基础知识(如AutoCAD的特点与建筑设计、工作界面、图形文件的初始设计等)和各种功能(如绘制二维图形、修改编辑二维图形、图层、标注以及建筑图的绘制等)。 |
| ● |
| 相关链接 |
|
|
|
正题名:阶梯课堂
索取号:TP31/Z027
 
预约/预借
| 序号 | 登录号 | 条形码 | 馆藏地/架位号 | 状态 | 备注 |
| 1 | 726686 | 207266867 | 自科库301/301自科库 46排7列2层/ [索取号:TP31/Z027] | 在馆 | |
| 2 | 726687 | 207266876 | 自科二线404/301自科库 102排6列1层/ [索取号:TP31/Z027] | 在馆 | |
| 3 | 726688 | 207266885 | 自科库301/301自科库 46排7列2层/ [索取号:TP31/Z027] | 在馆 |